ბათუმის შოთა რუსთაველის სახელმწიფო უნივერსიტეტის ბიბლიოთეკა

Развитие металлических конструкции. (ბიბ.ჩანაწერი № 38723)

000 -LEADER
fixed length control field 00646nam a2200205Ia 4500
001 - CONTROL NUMBER
control field 5036
003 - CONTROL NUMBER IDENTIFIER
control field GE_BSU
008 - FIXED-LENGTH DATA ELEMENTS--GENERAL INFORMATION
fixed length control field 181216s||||||||xx |||||||||||||| ||und||
040 ## - CATALOGING SOURCE
Transcribing agency GE_BSU
080 ## - UNIVERSAL DECIMAL CLASSIFICATION NUMBER
Universal Decimal Classification number 624.014
100 ## - MAIN ENTRY--PERSONAL NAME
Personal name Мельников,Н.П.
245 ## - TITLE STATEMENT
Title Развитие металлических конструкции.
245 ## - TITLE STATEMENT
Statement of responsibility, etc. Научный ред. В.Н.Зелятров.
260 ## - PUBLICATION, DISTRIBUTION, ETC.
Place of publication, distribution, etc. М.
260 ## - PUBLICATION, DISTRIBUTION, ETC.
Name of publisher, distributor, etc. Стройиздат.
260 ## - PUBLICATION, DISTRIBUTION, ETC.
Date of publication, distribution, etc. 1965.
300 ## - PHYSICAL DESCRIPTION
Extent 280 стр. с илл. 27 см. Библиогр.:стр. 277-278.
653 ## - INDEX TERM--UNCONTROLLED
Uncontrolled term Развитие металлических конструкции.
942 ## - ADDED ENTRY ELEMENTS (KOHA)
Koha item type წიგნი
ეგზემპლარები
Withdrawn status Lost status Damaged status Not for loan Date acquired Barcode Date last seen Price effective from Koha item type
        2018-12-17 11580 2018-12-17 2018-12-17 წიგნი